¿Qué son las revoluciones científicas? : y otros ensayos /

Gorde:
Xehetasun bibliografikoak
Egile nagusia: Kuhn, Thomas S. (autor)
Beste egile batzuk: Beltrán, Antonio (introducción) (introducción)
Formatua: Liburua
Hizkuntza:gaztelania
Argitaratua: Barcelona, España : Paidós : Universidad Autónoma de Barcelona, Instituto de Ciencias de la Educación, 1989, c1989
Saila:(Pensamiento Contemporáneo ; 6)
Gaiak:
Etiketak: Etiketa erantsi
Etiketarik gabe, Izan zaitez lehena erregistro honi etiketa jartzen!

MARC

LEADER 00000nam^a2200000^a^4500
001 000329509
005 20250521000000.0
009 20260310113936.958
020 |a 84-7509-544-5 
037 |a Acervo Xavier Clavigero 
041 |a ESP 
082 |a 121.  |b KUH 
100 |a Kuhn, Thomas S.  |e (autor) 
240 1 1 |a [¿Qué son las revoluciones científicas?] 
245 1 0 |a ¿Qué son las revoluciones científicas? :  |b y otros ensayos /  |c T.S. Kuhn ; introd. de A. Beltrán ; tr. por José Romo Feito. 
264 4 |a Barcelona, España :  |b Paidós :  |b Universidad Autónoma de Barcelona, Instituto de Ciencias de la Educación,  |c 1989, c1989 
300 |a 151 p. 
336 |a texto  |b txt  |2 rdacontenido 
337 |a sin mediación  |b n  |2 rdamedio 
338 |a volumen  |b nc  |2 rdasoporte 
440 1 |a (Pensamiento Contemporáneo ;  |v 6) 
500 |a Traducción de: What Are Scientific Revolutions? 
649 |a XX 
650 |a Epistemología -  |x Tema Principal 
650 |a Epistemología 
650 |a Filosofía 
650 |a Ciencia 
700 |a Beltrán, Antonio  |e (introducción) 
910 |a Fondo General 
920 |a Impresos - Libros 
930 |a Colección General 
905 |a 101 
901 |a 040595  |b IT1  |c ACC  |u 20250521 
902 |a https://opac.biblio.iteso.mx/vufind/Record/000329509